000 00658cam a22002052 4500
001 0000019555
005 20151217145918.0
008 110110s xx 000 0 eng d
020 _a0070379904 :
040 _aKABU
_cKABU
050 0 _aQA76.9
_b.D35L572 1987
100 1 _aLipschutz, Seymour.
_@0000154949
245 1 0 _aSchaum's outline of theory and problems of essential computer mathematics. /
_cSeymour Lipschutz.
260 _aNew York :
_bMcGraw-Hill,
_c1987.
300 _a357 p.
650 0 _aComputer science
_xMathematics.
_@0000154076
852 1 _91080 KES
908 _a110110
950 _@1
999 _c3973
_d3973